01306nam a22003134a 4500001001200000003000800012006001900020007001500039008004100054020003600095040002100131035002100152050002300173082001900196100002600215245012200241260005900363300002200422490003200444504006400476533015200540650003300692650004200725655002900767700002000796710001700816830003300833856012600866ebr10086949CaPaEBRm u cr cn|||||||||991015s2001 enka sb 001 0 eng  z0195123956 (cloth : alk. paper) aCaPaEBRcCaPaEBR a(OCoLC)19181800514aHE305b.B63 2001eb04a388.4/13142211 aBoarnet, Marlon Gary.10aTravel by designh[electronic resource] :bthe influence of urban form on travel /cMarlon G. Boarnet, Randall Crane. aOxford ;aNew York :bOxford University Press,cc2001. ax, 224 p. :bill.1 aSpatial information systems aIncludes bibliographical references (p. 201-220) and index. aElectronic reproduction.bPalo Alto, Calif. :cebrary,d2013.nAvailable via World Wide Web.nAccess may be limited to ebrary affiliated libraries. 0aUrban transportation policy. 0aTrip generationxMathematical models. 7aElectronic books.2local1 aCrane, Randall.2 aebrary, Inc. 0aSpatial information systems.40uhttp://site.ebrary.com/lib/rucke/Doc?id=10086949zAn electronic book accessible through the World Wide Web; click to view